Informe y diagnóstico de Santa Lucía sobre abstencionismo y particiapción /

Uloženo v:
Podrobná bibliografie
Korporace: Instituto Interamericano de Derechos Humanos, Centro de asesoría y promoción electoral
Médium: Text
Jazyk:Spanish
Vydáno: San José: ITDH
Témata:
Tagy: Přidat tag
Žádné tagy, Buďte první, kdo vytvoří štítek k tomuto záznamu!

MARC

LEADER 00000 a a2200000 04500
001 32994
003 cru CIDCACS/IIS
005 20231115163334.0
008 170420b xxu||||| |||| 00| 0 spa d
040 |c cru CIDCACS/IIS  |a cru CIDCACS/IIS 
090 |a 04.04.02 I59i  
110 |a Instituto Interamericano de Derechos Humanos.  
245 |a Informe y diagnóstico de Santa Lucía sobre abstencionismo y particiapción /  |c Instituto Interamericano de Derechos Humanos.  
260 |a San José:   |b ITDH  
300 |a 14 p.  
650 |a SISTEMAS ELECTORALES  
650 |a SANTA LUCIA  
710 |a Centro de asesoría y promoción electoral  
942 |2 z  |c LI  |h 04.04.02 I59i   |i 00857  |6 040402_I59I_00857 
999 |c 11027  |d 11027